| 000 | 00740nam a2200229 a 4500 | ||
|---|---|---|---|
| 005 | 20210223130147.0 | ||
| 008 | 070222s2002 mx r 000 0 spa d | ||
| 020 | _a9501115666 | ||
| 035 | _aUPN01000149482 | ||
| 049 | _aI | ||
| 050 | 4 |
_aN5333 _bW6.4 |
|
| 100 | 1 | _aWood, Tim | |
| 245 | 1 | 0 |
_aMaravillas de la antiguedad / _cTim Wood ; tr. Elida Marta Colella ; il. Jonathan Adams. |
| 260 |
_aBuenos Aires : _bSigmar, _c2002. |
||
| 300 |
_a48 p. : _bil. col. |
||
| 440 | 0 | _aMirando la historia | |
| 500 | _a"Con 4 escenas transparentes" | ||
| 534 |
_pTraducción de: _tAncient wonders |
||
| 650 | 4 |
_aSIETE MARAVILLAS DEL MUNDO - _vLITERATURA JUVENIL |
|
| 650 | 4 |
_aARQUITECTURA ANTIGUA - _vLITERATURA JUVENIL _97953 |
|
| 905 | _aInfantil | ||
| 999 |
_c121623 _d121623 |
||